MARC details
| 000 -LÍDER |
| campo de controle de tamanho fixo |
01948nam a2200313 4500 |
| 001 - NÚMERO DE CONTROLE |
| campo de controle |
164 |
| 003 - IDENTIFICADOR DO NÚMERO DE CONTROLE |
| campo de controle |
OSt |
| 005 - DATA E HORÁRIO DA ÚLTIMA TRANSAÇÃO |
| campo de controle |
20250528074013.0 |
| 008 - CAMPO DE DADOS FIXOS--INFORMAÇÃO GERAL |
| campo de controle de tamanho fixo |
250129b |||||||g |||| 00| 1 eng d |
| 020 ## - ISBN - INTERNATIONAL STANDARD BOOK NUMBER |
| ISBN - International Standard Book Number |
9788502082595 |
| 040 ## - FONTE DA CATALOGAÇÃO |
| Idioma da catalogação |
por |
| 041 ## - CÓDIGO DE IDIOMA |
| Código do idioma do original e/ou traduções intermediárias do texto |
eng |
| Código do idioma do texto/trilha sonora ou título diferente |
por |
| 082 ## - CDD - CLASSIFICAÇÃO DECIMAL DE DEWEY |
| Número de Classificação |
813 |
| Número do exemplar |
C655s |
| 100 1# - ENTRADA PRINCIPAL--NOME PESSOAL |
| Nome pessoal |
Coben, Harlan, |
| Datas associadas ao nome |
1962- |
| 9 (RLIN) |
309 |
| 240 ## - TÍTULO UNIFORME |
| Título uniforme |
The woods |
| 245 ## - TÍTULO |
| Título |
Silêncio na floresta / |
| Indicação de responsabilidade, etc. |
Coben, Harlan ; Tradução de Elizabeth Neilson |
| 260 ## - PUBLICAÇÃO, DISTRIBUIÇÃO, ETC. |
| Local de publicação, distribuição, etc. |
São Paulo |
| Nome do editor, distribuidor, etc. |
Arx |
| Data da publicação, distribuição, etc. |
2009 |
| 300 ## - DESCRIÇÃO FÍSICA |
| Extensão |
398 p. |
| 520 ## - NOTA DE RESUMO, ETC. |
| Resumo, etc. |
Viúvo precocemente, pai de uma garotinha de seis anos, o promotor de justiça Paul Copeland está no auge de um dos casos mais importantes de sua carreira: o processo em que dois estudantes bem-nascidos são acusados de estupro.<br/>Prestes a conseguir a condenação dos réus, Paul se vê envolvido em um misterioso assassinato que intriga não só a polícia como também o próprio promotor, que é obrigado a acertar contas com um passado que havia ficado escondido na floresta de um acampamento de verão, vinte anos antes.<br/>Naquela noite, vários dos jovens campistas se embrenharam no bosque. Os motivos que levaram cada um deles até o escuro das árvores foram diferentes, mas o desfecho intrincou seus destinos para sempre: assassinatos brutais, alguns corpos nunca encontrados, a culpa dos que sobreviveram ao camping macabro — como Paul.<br/>Harlan Coben conduz o leitor pela escuridão dos segredos que Paul, sua família e as famílias das vítimas deixaram para trás com uma história surpreendente e repleta de reviravoltas. Um suspense policial que desafia o mais atento dos leitores e prende a atenção até a última página. |
| 650 #0 - ASSUNTO--TERMO TÓPICO |
| Cabeçalho tópico ou nome geográfico |
Literatura Americana |
| 9 (RLIN) |
84 |
| 650 #0 - ASSUNTO--TERMO TÓPICO |
| Cabeçalho tópico ou nome geográfico |
Crime e Investigação |
| 9 (RLIN) |
13 |
| 650 #0 - ASSUNTO--TERMO TÓPICO |
| Cabeçalho tópico ou nome geográfico |
Mistério |
| 9 (RLIN) |
42 |
| 650 #0 - ASSUNTO--TERMO TÓPICO |
| Cabeçalho tópico ou nome geográfico |
Suspense |
| 9 (RLIN) |
10 |
| 650 #0 - ASSUNTO--TERMO TÓPICO |
| Cabeçalho tópico ou nome geográfico |
Filme |
| 9 (RLIN) |
26 |
| 655 #0 - TERMO DE ÍNDICE--GÊNERO E FORMA |
| Gênero/forma/ou termo foco |
Romance |
| 655 #0 - TERMO DE ÍNDICE--GÊNERO E FORMA |
| Gênero/forma/ou termo foco |
Ficção |
| 700 ## - ENTRADA ADICIONADA - NOME PESSOAL |
| Nome pessoal |
Elizabeth Neilson |
| Função do autor por extenso |
Tradutor |
| 9 (RLIN) |
311 |
| 942 ## - ELEMENTOS DE ENTRADA ADICIONADOS (KOHA) |
| Fonte de classificação ou esquema de arquivamento |
Classificação decimal de Dewey |
| Ocultar no OPAC |
Não |
| Tipo de material Koha |
Livros |